[Event "Autumn Tournament 2014 "]
[Site "SchemingMind.com"]
[Date "2014.10.22"]
[Round "-"]
[White "bobbassbone"]
[Black "emvarela"]
[Result "1-0"]
[WhiteCountry "ENG"]
[BlackCountry "ARG"]
[WhiteElo "1534"]
[WhiteRD "56"]
[BlackElo "1695"]
[BlackRD "49"]
[GameID "367350"]

1. d4 Nf6 2. Bf4 e6 3. e3 d5 4. c3 Bd6 5. Bg3 Bxg3 6. hxg3 Bd7 7. Nf3 Nc6 8. Nbd2 Qe7 9. Bd3 O-O-O 10. Qc2 h6
11. b4 e5 12. dxe5 Nxe5 13. Nxe5 Ng4 14. Nxg4 Bxg4 15. Bf5+ Bxf5 16. Qxf5+ Qe6 17. Qxe6+ fxe6 18. Nf3 Rhf8 19. Nd4 Rf6 20. Rd1 c6
21. Rh4 Rdf8 22. f3 e5 23. Nb3 b6 24. e4 g5 25. Rh5 dxe4 26. Rh1 exf3 27. gxf3 Rxf3 28. Rd6 Rxc3 29. Rhxh6 Kc7 30. Rde6 Re3+
31. Kd2 Rxg3 32. Rxc6+ Kb7 33. Kc1 Rf1+ 34. Kb2 Rf2+ 35. Ka3 Rgg2 36. Nc1 e4 37. Rce6 Rg3+ 38. Nb3 e3 39. b5 e2 40. Rh7+
1-0

[Event "Autumn Tournament 2014 "]
[Site "SchemingMind.com"]
[Date "2014.10.21"]
[Round "-"]
[White "cirovicz"]
[Black "rookie31"]
[Result "0-1"]
[WhiteCountry "SRB"]
[BlackCountry "IND"]
[WhiteElo "1727"]
[WhiteRD "120"]
[BlackElo "2187"]
[BlackRD "66"]
[GameID "367440"]

1. e4 c6 2. d4 d5 3. e5 Bf5 4. Nf3 e6 5. Bd3 Bxd3 6. Qxd3 Ne7 7. Bg5 h6 8. Bh4 Nd7 9. Qb3 g5 10. Nxg5 Nf5
11. Nxe6 Qxh4 12. Nc7+ Kd8 13. Nxa8 Nxd4 14. Qd3 Nxe5 15. Qd1 Bc5 16. O-O Nef3+ 17. gxf3 Qh3 18. Qxd4 Bxd4 19. Nd2 Rg8+ 20. Kh1 Qg2#
0-1

[Event "Autumn Tournament 2014 "]
[Site "SchemingMind.com"]
[Date "2014.10.20"]
[Round "-"]
[White "rookie31"]
[Black "cirovicz"]
[Result "1-0"]
[WhiteCountry "IND"]
[BlackCountry "SRB"]
[WhiteElo "2187"]
[WhiteRD "66"]
[BlackElo "1727"]
[BlackRD "120"]
[GameID "367441"]

1. d4 e6 2. c4 c5 3. d5 d6 4. Nc3 Nf6 5. Nf3 a6 6. e4 Be7 7. Be2 e5 8. h3 Bd7 9. O-O Qc8 10. a3 Bxh3
11. gxh3 O-O 12. Kh2 b5 13. cxb5 axb5 14. Bxb5 Nh5 15. Nxe5 Bf6 16. Nc4 g6 17. Rg1 Kh8 18. Bg5 Bd4 19. Nb6 Qb7 20. Nxa8 Bxc3
21. bxc3 Qxb5 22. Qxh5
1-0

[Event "Autumn Tournament 2014 "]
[Site "SchemingMind.com"]
[Date "2014.10.24"]
[Round "-"]
[White "smothered mate"]
[Black "rookie31"]
[Result "0-1"]
[WhiteCountry "POL"]
[BlackCountry "IND"]
[WhiteElo "1962"]
[WhiteRD "66"]
[BlackElo "2177"]
[BlackRD "69"]
[GameID "367442"]

1. e4 c6 2. d4 d5 3. exd5 cxd5 4. c4 e6 5. Nc3 Nf6 6. Nf3 Nc6 7. Bf4 Bb4 8. Bd3 O-O 9. O-O dxc4 10. Bxc4 Nd5
11. Nxd5 exd5 12. Bd3 Bg4 13. Be2 Re8 14. Be3 Bd6 15. h3 Bf5 16. Rc1 Qb6 17. Qd2 h6 18. Ne5 Bxe5 19. dxe5 d4 20. Bf4 Rad8
21. g4 Bg6 22. Bg3 d3 23. Bf3 Nd4 24. Bd1 Ne2+ 25. Bxe2 dxe2 26. Qxe2 Bd3 27. Qf3 Bxf1 28. Rxf1 Qxb2 29. Qf5 Qxa2 30. Rb1 Rd4
31. Rxb7 Rd1+
0-1

[Event "Autumn Tournament 2014 "]
[Site "SchemingMind.com"]
[Date "2014.10.24"]
[Round "-"]
[White "rookie31"]
[Black "smothered mate"]
[Result "1-0"]
[WhiteCountry "IND"]
[BlackCountry "POL"]
[WhiteElo "2199"]
[WhiteRD "71"]
[BlackElo "1946"]
[BlackRD "75"]
[GameID "367443"]

1. d4 f5 2. c4 Nf6 3. Nc3 e6 4. Nf3 Bb4 5. g3 O-O 6. Bg2 d5 7. cxd5 exd5 8. O-O c6 9. Qb3 Bxc3 10. bxc3 Nbd7
11. Bf4 Nb6 12. a4 Ne4 13. Ne5 g5 14. Bc1 Nd6 15. a5 Nbc4 16. a6 Qb6 17. axb7 Bxb7 18. Qa2 f4 19. Nd7 Qc7 20. Nxf8 Kxf8
21. e3 Nb5 22. Qb3 a5 23. exf4 Ba6 24. fxg5 Re8 25. Bf4 Qf7 26. Rfe1
1-0

[Event "Autumn Tournament 2014 "]
[Site "SchemingMind.com"]
[Date "2014.10.22"]
[Round "-"]
[White "rookie31"]
[Black "emvarela"]
[Result "1-0"]
[WhiteCountry "IND"]
[BlackCountry "ARG"]
[WhiteElo "2194"]
[WhiteRD "75"]
[BlackElo "1700"]
[BlackRD "51"]
[GameID "367444"]

1. d4 d5 2. c4 e6 3. Nc3 c6 4. Nf3 Nf6 5. e3 Bb4 6. Bd3 Nbd7 7. O-O Bxc3 8. bxc3 Qa5 9. cxd5 cxd5 10. Qb3 O-O
11. c4 dxc4 12. Bxc4 b6 13. Bd2 Qh5 14. Bb4 Nd5 15. Bxd5 Qxd5 16. Bxf8 Kxf8 17. Qa3+ Kg8 18. Rac1 Bb7 19. Rc7 Nf6 20. Qe7
1-0

[Event "Autumn Tournament 2014 "]
[Site "SchemingMind.com"]
[Date "2014.10.22"]
[Round "-"]
[White "emvarela"]
[Black "rookie31"]
[Result "0-1"]
[WhiteCountry "ARG"]
[BlackCountry "IND"]
[WhiteElo "1700"]
[WhiteRD "51"]
[BlackElo "2194"]
[BlackRD "75"]
[GameID "367445"]

1. e4 c6 2. d4 d5 3. Nc3 dxe4 4. Nxe4 Bf5 5. Ng3 Bg6 6. h4 h6 7. Nf3 e6 8. h5 Bh7 9. Bd3 Bxd3 10. Qxd3 Nd7
11. Bf4 Ngf6 12. O-O-O Be7 13. Ne5 Nd5 14. Nxd7 Nxf4 15. Qe4 Qxd7 16. Rhf1 Qd5 17. Qxd5 cxd5 18. f3 Bh4 19. Nh1 Nxg2 20. Rd2 Bg5
0-1

[Event "Autumn Tournament 2014 "]
[Site "SchemingMind.com"]
[Date "2014.10.19"]
[Round "-"]
[White "rookie31"]
[Black "Scooter"]
[Result "1-0"]
[WhiteCountry "IND"]
[BlackCountry "USA"]
[WhiteElo "2187"]
[WhiteRD "66"]
[BlackElo "1752"]
[BlackRD "44"]
[GameID "367446"]

1. d4 Nf6 2. c4 g6 3. g3 Bg7 4. Bg2 O-O 5. Nc3 d6 6. e4 e5 7. d5 a6 8. Nf3 Bg4 9. O-O c5 10. Qb3 Qc7
11. Be3 Bxf3 12. Bxf3 Nbd7 13. Kg2 Rfb8 14. Be2 b6 15. Qc2 Qd8 16. a3 Qf8 17. g4 Qe7 18. g5 Ne8 19. h4 Nc7 20. a4 f6
21. Rh1 fxg5 22. hxg5 Bf8 23. Rh3
1-0

[Event "Autumn Tournament 2014 "]
[Site "SchemingMind.com"]
[Date "2014.10.19"]
[Round "-"]
[White "Scooter"]
[Black "rookie31"]
[Result "0-1"]
[WhiteCountry "USA"]
[BlackCountry "IND"]
[WhiteElo "1752"]
[WhiteRD "44"]
[BlackElo "2187"]
[BlackRD "66"]
[GameID "367447"]

1. d4 Nf6 2. Nf3 d5 3. Bf4 Bf5 4. e3 e6 5. Bd3 Bxd3 6. Qxd3 Bd6 7. Bxd6 Qxd6 8. c3 c5 9. Nbd2 Nc6 10. O-O O-O
11. e4 cxd4 12. e5 Nxe5 13. Nxe5 Qxe5
0-1

[Event "Autumn Tournament 2014 "]
[Site "SchemingMind.com"]
[Date "2014.10.19"]
[Round "-"]
[White "rookie31"]
[Black "fanfan_la_Tulipe"]
[Result "1/2-1/2"]
[WhiteCountry "IND"]
[BlackCountry "AUT"]
[WhiteElo "2177"]
[WhiteRD "69"]
[BlackElo "2095"]
[BlackRD "74"]
[GameID "367448"]

1. d4 d5 2. c4 c6 3. Nf3 Nf6 4. Nc3 a6 5. e3 e6 6. Be2 dxc4 7. Bxc4 b5 8. Be2 Bb7 9. e4 c5 10. e5 Nd5
11. O-O Nxc3 12. bxc3 cxd4 13. Nxd4 Nd7 14. Bf4 Be7 15. a4 bxa4 16. Qxa4 Qc8 17. Rfd1 O-O 18. Nf5 exf5 19. Qxd7 Bc5 20. Qxc8 Rfxc8
21. Bd3 g6 22. Rdb1 Be4 23. Bxe4 fxe4 24. g3 Bf8 25. Rb3 Rc6 26. Ra4 Rac8 27. Kg2 Bg7 28. Rxe4 Rxc3 29. Rxc3 Rxc3 30. Rd4 Rc8
31. Rd5 Kf8 32. Bg5 h6 33. Be3 Ke7 34. Kf3 Rc6 35. Ke4 Ke6 36. Rd8 f5+ 37. exf6 Bxf6 38. Rg8 Kf7 39. Kd5 Kxg8 40. Kxc6 g5
41. Kb6 Kf7 42. Kxa6 Ke6 43. f3 Kd5 44. Kb5 h5 45. h3 g4 46. fxg4 hxg4 47. h4 Ke4 48. Bc5 Bxh4 49. gxh4 g3 50. h5 Kf5=
1/2-1/2

[Event "Autumn Tournament 2014 "]
[Site "SchemingMind.com"]
[Date "2014.10.19"]
[Round "-"]
[White "fanfan_la_Tulipe"]
[Black "rookie31"]
[Result "1/2-1/2"]
[WhiteCountry "AUT"]
[BlackCountry "IND"]
[WhiteElo "2095"]
[WhiteRD "74"]
[BlackElo "2177"]
[BlackRD "69"]
[GameID "367449"]

1. d4 Nf6 2. c4 e6 3. Nc3 d5 4. cxd5 exd5 5. Bg5 Nbd7 6. e3 c6 7. Qc2 h6 8. Bh4 Bd6 9. Bd3 Nb6 10. Nf3 Be6
11. O-O Qc7 12. Rac1 a6 13. Rfe1 O-O-O 14. Bg3 Bxg3 15. hxg3 Kb8 16. Na4 Nbd7 17. Nc5 Nxc5 18. Qxc5 Ne4 19. Bxe4 dxe4 20. Ne5 h5
21. a4 Rh6 22. b4 f6 23. Nc4 h4 24. b5 hxg3 25. fxg3 cxb5 26. Qxc7+ Kxc7 27. axb5 axb5 28. Nd2+ Kb6 29. Nxe4 Bd5 30. Nc5 Bc4
31. Kf2 f5 32. Rb1 Kc7 33. Rec1 Rc6 34. Rxc4 bxc4 35. Rxb7+ Kd6 36. Rxg7 Rxc5 37. dxc5+ Kxc5 38. Rc7+ Kb4 39. Rb7+ Ka3 40. Ra7+ Kb2
41. Rb7+ Kc2 42. Ke2 Rd2+ 43. Kf3 c3 44. g4 fxg4+ 45. Kxg4 Kd1 46. Rc7=
1/2-1/2

[Event "Autumn Tournament 2014 "]
[Site "SchemingMind.com"]
[Date "2014.10.19"]
[Round "-"]
[White "rookie31"]
[Black "bobbassbone"]
[Result "1-0"]
[WhiteCountry "IND"]
[BlackCountry "ENG"]
[WhiteElo "2187"]
[WhiteRD "66"]
[BlackElo "1638"]
[BlackRD "57"]
[GameID "367450"]

1. d4 c6 2. c4 d5 3. Nf3 Nf6 4. Nc3 dxc4 5. a4 h6 6. e4 Bg4 7. Bxc4 e6 8. Be3 Bb4 9. Qb3 Bxc3+ 10. bxc3 Bxf3
11. gxf3 Qc7 12. Rg1 g5 13. Rb1 b6 14. h4 Nbd7 15. hxg5 hxg5 16. Bxg5 Qh2 17. Ke2 Qc7 18. Bxe6 fxe6 19. Qxe6+ Kd8 20. Bxf6+ Nxf6
21. Qxf6+
1-0

[Event "Autumn Tournament 2014 "]
[Site "SchemingMind.com"]
[Date "2014.10.19"]
[Round "-"]
[White "bobbassbone"]
[Black "rookie31"]
[Result "0-1"]
[WhiteCountry "ENG"]
[BlackCountry "IND"]
[WhiteElo "1638"]
[WhiteRD "57"]
[BlackElo "2187"]
[BlackRD "66"]
[GameID "367451"]

1. d4 Nf6 2. Bf4 d5 3. e3 e6 4. c3 Nbd7 5. Nf3 Be7 6. Nbd2 c5 7. h3 O-O 8. Be2 cxd4 9. exd4 Qb6 10. Qc2 Bd6
11. Ne5 Qc7 12. Ndf3 Ne4 13. Bd3 Ndf6 14. Nd2 Nh5 15. Bxe4 Nxf4 16. Bxh7+ Kh8 17. Bd3 Bxe5 18. dxe5 Nxg2+ 19. Kf1 Nf4 20. Nf3 f6
21. exf6 e5 22. fxg7+ Qxg7 23. Rg1 Bxh3+
0-1

[Event "Autumn Tournament 2014 "]
[Site "SchemingMind.com"]
[Date "2014.10.22"]
[Round "-"]
[White "cirovicz"]
[Black "fouche"]
[Result "1-0"]
[WhiteCountry "SRB"]
[BlackCountry "COL"]
[WhiteElo "1760"]
[WhiteRD "96"]
[BlackElo "1600"]
[BlackRD "57"]
[GameID "367593"]

1. e4 e6 2. d4 d5 3. Nc3 Bb4 4. e5 c5 5. Qg4 Kf8 6. dxc5 Bxc5 7. Bg5 Ne7 8. f4 a6 9. Bxe7+ Qxe7 10. Bd3 Bd7
11. Nf3 Nc6 12. O-O-O b5 13. h4 Be3+ 14. Kb1 b4 15. Ne2 a5 16. h5 a4 17. Qh3 b3 18. a3 bxc2+ 19. Bxc2 Qc5 20. h6 g6
21. g4 Ne7 22. Nh4 Rb8 23. Rd3 d4 24. Nf3 Nd5 25. Nfxd4 Bxd4 26. Rxd4 Qb5 27. b4 axb3 28. Bd3 Qc5 29. Kb2 Qa5 30. Bc4 Ba4
31. f5 Ke8 32. fxg6 fxg6 33. g5 Rf8 34. Bxd5 exd5 35. Qe6+ Kd8 36. Rxd5+
1-0

[Event "Autumn Tournament 2014 "]
[Site "SchemingMind.com"]
[Date "2014.10.22"]
[Round "-"]
[White "fouche"]
[Black "cirovicz"]
[Result "1/2-1/2"]
[WhiteCountry "COL"]
[BlackCountry "SRB"]
[WhiteElo "1633"]
[WhiteRD "57"]
[BlackElo "1727"]
[BlackRD "120"]
[GameID "367594"]

1. f4 c5 2. Nf3 d5 3. e3 e6 4. Be2 Nc6 5. O-O Nf6 6. h3 Ne4 7. Qe1 f5 8. d3 Nf6 9. a3 Bd6 10. Bd2 O-O=
1/2-1/2

[Event "Autumn Tournament 2014 "]
[Site "SchemingMind.com"]
[Date "2014.10.25"]
[Round "-"]
[White "fouche"]
[Black "smothered mate"]
[Result "0-1"]
[WhiteCountry "COL"]
[BlackCountry "POL"]
[WhiteElo "1600"]
[WhiteRD "57"]
[BlackElo "1946"]
[BlackRD "75"]
[GameID "367595"]

1. d4 Nf6 2. Nf3 c5 3. d5 g6 4. c4 b5 5. e3 Bg7 6. Bd3 O-O 7. O-O d6 8. Nbd2 bxc4 9. Bxc4 Nfd7 10. Rb1 Nb6
11. e4 Nxc4 12. Nxc4 Ba6 13. b3 Nd7 14. Re1 Bxc4 15. bxc4 Qa5 16. Qc2 Ne5 17. Rb5 Nxf3+ 18. gxf3 Qxe1+ 19. Kg2 Bd4 20. a4 Bxf2
0-1

[Event "Autumn Tournament 2014 "]
[Site "SchemingMind.com"]
[Date "2014.10.26"]
[Round "-"]
[White "smothered mate"]
[Black "fouche"]
[Result "1-0"]
[WhiteCountry "POL"]
[BlackCountry "COL"]
[WhiteElo "2001"]
[WhiteRD "72"]
[BlackElo "1604"]
[BlackRD "58"]
[GameID "367596"]

1. e4 e6 2. d4 d5 3. e5 c5 4. Nf3 Nc6 5. Bd3 cxd4 6. O-O Bb4 7. Nbd2 Nge7 8. Nb3 Ng6 9. a3 Ba5 10. Nxa5 Ncxe5
11. Nxe5 Nxe5 12. b4 O-O 13. Nb3 Nxd3 14. Qxd3 e5 15. Bb2 Bg4 16. Qg3 Be2 17. Rfe1 d3 18. cxd3 Bh5 19. Qxe5 Qf6 20. Qxf6 gxf6
21. Bxf6 Rfe8 22. Nd4 Bg6 23. Re3 Kf8 24. Rae1 Rxe3 25. Rxe3 a5 26. h4 Re8 27. Rf3 Re1+ 28. Kh2 Rd1 29. Nf5 Bxf5 30. Rxf5 Rxd3
31. bxa5 Rxa3 32. Rxd5
1-0

[Event "Autumn Tournament 2014 "]
[Site "SchemingMind.com"]
[Date "2014.10.22"]
[Round "-"]
[White "fouche"]
[Black "rookie31"]
[Result "0-1"]
[WhiteCountry "COL"]
[BlackCountry "IND"]
[WhiteElo "1600"]
[WhiteRD "57"]
[BlackElo "2199"]
[BlackRD "71"]
[GameID "367597"]

1. d4 Nf6 2. Nf3 d5 3. e3 e6 4. Bd3 c5 5. c3 Bd6 6. O-O Nc6 7. Nbd2 O-O 8. Re1 e5 9. dxe5 Bxe5 10. Nxe5 Nxe5
11. Bb1 b6 12. h3 Bb7 13. Nf3 Re8 14. Nxe5 Rxe5 15. b3 Ne4 16. Bb2 Re6 17. c4 dxc4 18. Qxd8+ Rxd8 19. Bxe4 Rxe4 20. bxc4 Rxc4
21. Red1 Ra8 22. Rd7 Bc6 23. Rc7 Rc2 24. Bxg7 Kxg7 25. Rxc6 Rd8 26. a4 Rdd2 27. Rf1 Ra2 28. a5 Rxa5 29. Rc7 Raa2 30. Re7 c4
31. Rc7 b5 32. g3 a5 33. Rc5 Rab2 34. Rf5 a4 35. Kg2 a3 36. Ra1 a2
0-1

[Event "Autumn Tournament 2014 "]
[Site "SchemingMind.com"]
[Date "2014.10.22"]
[Round "-"]
[White "rookie31"]
[Black "fouche"]
[Result "1-0"]
[WhiteCountry "IND"]
[BlackCountry "COL"]
[WhiteElo "2199"]
[WhiteRD "71"]
[BlackElo "1600"]
[BlackRD "57"]
[GameID "367598"]

1. d4 e6 2. c4 d5 3. Nc3 c6 4. e3 Nf6 5. Nf3 Nbd7 6. Bd2 Be7 7. Bd3 O-O 8. O-O b6 9. cxd5 exd5 10. Re1 Re8
11. e4 dxe4 12. Nxe4 Nxe4 13. Bxe4 Bb7 14. Qa4 Qc7 15. Rac1 c5 16. Bf4 Qxf4 17. Bxb7 Rab8 18. Qxd7 Rbd8 19. Qb5 cxd4 20. Rc4 Kf8
21. Bc6 Qd6 22. Bxe8 Rxe8 23. Rxd4 Qf6 24. Ne5 Bc5 25. Nd7+
1-0

[Event "Autumn Tournament 2014 "]
[Site "SchemingMind.com"]
[Date "2014.10.27"]
[Round "-"]
[White "fouche"]
[Black "emvarela"]
[Result "0-1"]
[WhiteCountry "COL"]
[BlackCountry "ARG"]
[WhiteElo "1638"]
[WhiteRD "58"]
[BlackElo "1695"]
[BlackRD "49"]
[GameID "367599"]

1. c4 c5 2. Nc3 Nc6 3. Nf3 Nf6 4. g3 g6 5. Bg2 Bg7 6. O-O O-O 7. d3 b6 8. Bd2 Bb7 9. a3 e6 10. Rb1 d5
11. cxd5 exd5 12. Qc1 Qd7 13. Rd1 d4 14. Ne4 Nxe4 15. dxe4 Ne5 16. Nxe5 Bxe5 17. f4 Bg7 18. Qc4 a5 19. b4 axb4 20. axb4 cxb4
21. Bxb4 Rfc8 22. Qb3 Ba6 23. Bf3 Bc4 24. Qb2 Ra2 25. Qc1 Bxe2 26. Bxe2 Rxc1 27. Bc4 Rxd1+ 28. Rxd1 Ra4 29. Rb1 d3 30. Kf1 d2
31. Be2 Rxb4
0-1

[Event "Autumn Tournament 2014 "]
[Site "SchemingMind.com"]
[Date "2014.10.27"]
[Round "-"]
[White "emvarela"]
[Black "fouche"]
[Result "1-0"]
[WhiteCountry "ARG"]
[BlackCountry "COL"]
[WhiteElo "1695"]
[WhiteRD "49"]
[BlackElo "1638"]
[BlackRD "58"]
[GameID "367600"]

1. e4 e6 2. d4 d5 3. Nc3 Bb4 4. e5 c5 5. Qg4 Kf8 6. Bd2 Nc6 7. Nf3 cxd4 8. Nxd4 Nxe5 9. Nxe6+ Bxe6 10. Qxb4+ Ne7
11. Bb5 a6 12. Ba4 Rb8 13. Bf4 Nc6 14. Bxc6 bxc6 15. Qxb8 Nc8 16. Qb4+ Ne7 17. Bd6 f6 18. Bxe7+ Qxe7 19. Qxe7+ Kxe7 20. O-O-O Kd6
21. Rhe1 Re8 22. Ne4+ Kc7 23. Nc5 Kd6 24. Rxe6+
1-0

[Event "Autumn Tournament 2014 "]
[Site "SchemingMind.com"]
[Date "2014.10.22"]
[Round "-"]
[White "fouche"]
[Black "Scooter"]
[Result "0-1"]
[WhiteCountry "COL"]
[BlackCountry "USA"]
[WhiteElo "1633"]
[WhiteRD "57"]
[BlackElo "1752"]
[BlackRD "44"]
[GameID "367601"]

1. f4 f5 2. Nf3 Nc6 3. e3 b6 4. Be2 Bb7 5. O-O e6 6. b3 Be7 7. Bb2 Bf6 8. Nc3 Qe7 9. d4 O-O-O 10. Qd2 g5
11. Ne5 gxf4 12. exf4 Qg7 13. Rac1 Nxe5 14. dxe5 Qxg2#
0-1

[Event "Autumn Tournament 2014 "]
[Site "SchemingMind.com"]
[Date "2014.10.22"]
[Round "-"]
[White "Scooter"]
[Black "fouche"]
[Result "1-0"]
[WhiteCountry "USA"]
[BlackCountry "COL"]
[WhiteElo "1761"]
[WhiteRD "48"]
[BlackElo "1600"]
[BlackRD "57"]
[GameID "367602"]

1. d4 e6 2. Nf3 f5 3. Bg5 Nf6 4. e3 Be7 5. Bd3 O-O 6. O-O b6 7. Nbd2 Bb7 8. a3 h6 9. Bxf6 Bxf6 10. Rc1 c5
11. b4 cxd4 12. exd4 Na6 13. c4 Nc7 14. Re1 Qe8 15. Bxf5 Qh5 16. Be4 d5 17. Bd3 Rae8 18. Ne5 Qxd1 19. Rcxd1 dxc4 20. Ndxc4 Nd5
21. Nd6 Re7 22. Ng6 Rff7 23. Nxf7 Rxf7 24. Rxe6 Bxd4 25. Re8+ Kh7 26. Ne5+
1-0

[Event "Autumn Tournament 2014 "]
[Site "SchemingMind.com"]
[Date "2014.10.23"]
[Round "-"]
[White "fouche"]
[Black "fanfan_la_Tulipe"]
[Result "0-1"]
[WhiteCountry "COL"]
[BlackCountry "AUT"]
[WhiteElo "1638"]
[WhiteRD "58"]
[BlackElo "2095"]
[BlackRD "74"]
[GameID "367603"]

1. d4 d5 2. Nf3 c6 3. e3 Nf6 4. Bd3 Bg4 5. Nbd2 e6 6. O-O Bd6 7. Re1 Nbd7 8. h3 Bh5 9. e4 dxe4 10. Nxe4 Nxe4
11. Bxe4 Nf6 12. Qd3 Nxe4 13. Qxe4 Bg6 14. Qe2 Qb6 15. c3 O-O 16. Be3 Qa5 17. Qd2 Rad8 18. Qe2 f6 19. Qc4 Bf7 20. b3 e5
21. Qd3 exd4 22. cxd4 Qh5 23. Rad1 Bd5 24. Qe2 Bxf3 25. Qxf3 Qxf3 26. gxf3 Rfe8 27. Kg2 Bb4 28. Re2 Rd5 29. Kf1 Red8 30. a3 Bc3
31. Rc2 Bxd4 32. Rxd4 Rxd4 33. Bxd4 Rxd4 34. Re2 Kf7 35. Kg2 Rd3 36. Re3 Rd2 37. Kg3 b6 38. h4 h5 39. Rc3 c5 40. b4 cxb4
41. Rc7+ Kg6 42. axb4 Rd4 43. Rxa7 Rxb4 44. Rb7 Rb1 45. f4 b5 46. f5+ Kxf5 47. Rxg7 Rg1+
0-1

[Event "Autumn Tournament 2014 "]
[Site "SchemingMind.com"]
[Date "2014.10.24"]
[Round "-"]
[White "fanfan_la_Tulipe"]
[Black "fouche"]
[Result "1-0"]
[WhiteCountry "AUT"]
[BlackCountry "COL"]
[WhiteElo "2095"]
[WhiteRD "74"]
[BlackElo "1638"]
[BlackRD "58"]
[GameID "367604"]

1. d4 d5 2. c4 dxc4 3. Nf3 c5 4. e3 Nf6 5. Bxc4 e6 6. O-O Be7 7. Nc3 O-O 8. Qe2 cxd4 9. Nxd4 a6 10. a4 Bd7
11. Rd1 Qc7 12. e4 e5 13. Nf5 Bxf5 14. exf5 Nc6 15. Bg5 Rfd8 16. Bxf6 Bxf6 17. Nd5 Qd6 18. Nb6 Qc7 19. Nxa8 Rxa8 20. Qe4 Nd4
21. Bd5 Rd8 22. h4 b5 23. axb5 axb5 24. h5 Qc2 25. Rxd4 Qxe4 26. Bxf7+ Kxf7 27. Rxe4 g6 28. hxg6+ hxg6 29. fxg6+ Kxg6 30. Rb4 Rd2
31. Rxb5 Kf5 32. Ra4 Bg5 33. g4+ Kg6 34. Ra6+ Bf6 35. Rbb6 Kg5 36. Rxf6 Rxb2 37. Rf5+
1-0

[Event "Autumn Tournament 2014 "]
[Site "SchemingMind.com"]
[Date "2014.10.22"]
[Round "-"]
[White "fouche"]
[Black "bobbassbone"]
[Result "1-0"]
[WhiteCountry "COL"]
[BlackCountry "ENG"]
[WhiteElo "1600"]
[WhiteRD "57"]
[BlackElo "1590"]
[BlackRD "56"]
[GameID "367605"]

1. c4 c6 2. d4 d5 3. Nc3 Nf6 4. Nf3 h6 5. e3 dxc4 6. Bxc4 Bg4 7. O-O e6 8. e4 Bb4 9. Re1 Nbd7 10. Qd3 Bxf3
11. gxf3 Ne5 12. Qe2 Bxc3 13. bxc3 Nxc4 14. Qxc4 O-O 15. Be3 Qc7 16. Qd3 Rfd8 17. f4 Rd7 18. Rad1 Rad8 19. h3 Nh5 20. e5 c5
21. Qe2 cxd4 22. cxd4 Nxf4 23. Bxf4 Rxd4 24. Rxd4 Rxd4 25. Qe3 Ra4 26. a3 Rc4 27. Kh2 a6 28. Bxh6 gxh6 29. Rg1+ Kh7 30. Qd3+ Kh8
31. Qg3
1-0

[Event "Autumn Tournament 2014 "]
[Site "SchemingMind.com"]
[Date "2014.10.22"]
[Round "-"]
[White "bobbassbone"]
[Black "fouche"]
[Result "0-1"]
[WhiteCountry "ENG"]
[BlackCountry "COL"]
[WhiteElo "1590"]
[WhiteRD "56"]
[BlackElo "1600"]
[BlackRD "57"]
[GameID "367606"]

1. d4 d5 2. Bf4 Nf6 3. e3 e6 4. c3 c5 5. Nd2 Nc6 6. Ngf3 Be7 7. Bd3 O-O 8. h3 Bd7 9. O-O Rc8 10. Re1 cxd4
11. exd4 a6 12. Ne5 Nxe5 13. dxe5 Ne8 14. Qg4 f6 15. exf6 Bxf6 16. Be5 Bxe5 17. Rxe5 Nf6 18. Qg3 Qb6 19. Rg5 Ne8 20. Bxh7+ Kxh7
21. Rxg7+ Nxg7 22. Nf3 Rc4 23. Ne5 Rcf4 24. Qg6+ Kg8 25. Nf3 R8f6 26. Qg5 Be8
0-1